Normal view MARC view
  • Sociology

Entry Topical Term

Number of records used in: 1

001 - CONTROL NUMBER

  • control field: 79094

003 - CONTROL NUMBER IDENTIFIER

  • control field: OSt

005 - DATE AND TIME OF LATEST TRANSACTION

  • control field: 20220806113928.0

008 - FIXED-LENGTH DATA ELEMENTS

  • fixed length control field: 220806|| aca||aabn | a|a d

040 ## - CATALOGING SOURCE

  • Original cataloging agency: OSt
  • Transcribing agency: OSt

150 ## - HEADING--TOPICAL TERM

  • Topical term or geographic name entry element: Sociology

670 ## - SOURCE DATA FOUND

  • Source citation: Work cat.: (OSt)43790: Johnston, Hank 79093, What Is A Social Movement?, 2017